| 000 | 00641nam a2200217 i 4500 | ||
|---|---|---|---|
| 001 | 86405 | ||
| 003 | ES-MaACL | ||
| 005 | 20250804062538.0 | ||
| 007 | t| | ||
| 008 | 041210s1979 sp ||||1| spa d | ||
| 100 | 1 |
_aKárolyi, Ottó. _967575 |
|
| 245 | 1 | 0 |
_aIntroducción a la música / _cOttó Károlyi ; [traductor, Carolina Paniagua]. |
| 250 | _a[2ª ed.]. | ||
| 260 |
_aMadrid : _bAlianza, _c[1979] |
||
| 300 |
_a217 p. : _bil. ; _c18 cm. |
||
| 490 | 1 | _aEl libro de bolsillo | |
| 700 | 1 |
_aPaniagua, Carolina. _988774 |
|
| 830 | 0 | 3 |
_aEl libro de bolsillo _9177802 |
| 852 |
_aES-MaACL _jA-10283 _bR.99527 |
||
| 999 |
_c86405 _d86405 |
||